Automatizovaný systém riadenia dopravnej sústavy ČSSR sociálne a psychologické bariéry pri realizácií ASR-návrh na znižovanie ich účinnosti

Gespeichert in:
Bibliographische Detailangaben
Format: Buch
Sprache:Slowakisch
Veröffentlicht: Bratislava Vysoká škola ekonomická 1983
Tags: Tag hinzufügen
Keine Tags, Fügen Sie das erste Tag hinzu!

MARC

LEADER 00000nam a2200000 4500
001 c110061
005 20260325115725.1
041 0 |a slo 
044 |a SK 
245 1 0 |a Automatizovaný systém riadenia dopravnej sústavy ČSSR  |b sociálne a psychologické bariéry pri realizácií ASR-návrh na znižovanie ich účinnosti 
264 1 |a Bratislava  |b Vysoká škola ekonomická  |c 1983 
300 |a 68 s.